Journals of the Institution of Engineers (India) (Record no. 52079)

MARC details
000 -LEADER
fixed length control field 00439nam a2200145Ia 4500
008 - FIXED-LENGTH DATA ELEMENTS--GENERAL INFORMATION
fixed length control field 220530s9999 xx 000 0 und d
020 ## - INTERNATIONAL STANDARD BOOK NUMBER
International Standard Book Number 203386
041 ## - LANGUAGE CODE
Language code of text/sound track or separate title eng
082 ## - DEWEY DECIMAL CLASSIFICATION NUMBER
Classification number 621(54):050
Item number SAN
100 ## - MAIN ENTRY--PERSONAL NAME
Personal name Sanan,R.K. ( Editor)
9 (RLIN) 57741
245 ## - TITLE STATEMENT
Title Journals of the Institution of Engineers (India)
260 ## - PUBLICATION, DISTRIBUTION, ETC. (IMPRINT)
Place of publication, distribution, etc. Kolkata
Name of publisher, distributor, etc. The Institution Engineers ( India)
Date of publication, distribution, etc. 2011
300 ## - PHYSICAL DESCRIPTION
Extent 425P.
Other physical details Vol.91 Jun-Dec.2010 & Jan To June 2011
906 ## - LOCAL DATA ELEMENT F, LDF (RLIN)
a 0
Holdings
Withdrawn status Lost status Damaged status Not for loan Home library Current library Date acquired Vendor Total Checkouts Full call number Barcode Date last seen Bill Date Koha item type Original Barcode
        Cummins College of Engineering for Women Nagpur Cummins College of Engineering for Women Nagpur 21/07/2014 Laxmi Art & Binding Works   621(54):050/SAN/ CEWN-BV-67 30/05/2022 30/05/2022 Bound Volume J00067